Corporate strategy and sustainability : (Record no. 30892)

MARC details
000 -LEADER
fixed length control field 02183cam a22003378i 4500
001 - CONTROL NUMBER
control field 23771217
003 - CONTROL NUMBER IDENTIFIER
control field EG-ScBUE
005 - DATE AND TIME OF LATEST TRANSACTION
control field 20250216103527.0
008 - FIXED-LENGTH DATA ELEMENTS--GENERAL INFORMATION
fixed length control field 240710s2025 enk f b 001 0 eng d
020 ## - INTERNATIONAL STANDARD BOOK NUMBER
International Standard Book Number 9780367773120
035 ## - SYSTEM CONTROL NUMBER
System control number (DLC)23771217
040 ## - CATALOGING SOURCE
Original cataloging agency DLC
Language of cataloging eng
Description conventions rda
Transcribing agency DLC
Modifying agency DLC
-- DLC-MRC
-- EG-ScBUE
082 04 - DEWEY DECIMAL CLASSIFICATION NUMBER
Classification number 658.4012
Edition number 22
Item number NEM
100 1# - MAIN ENTRY--PERSONAL NAME
Personal name Nemetz, Peter N.,
Dates associated with a name 1944-
Relator term author.
245 10 - TITLE STATEMENT
Title Corporate strategy and sustainability :
Remainder of title from excellence to fraud /
Statement of responsibility, etc Peter N. Nemetz.
264 #1 - PUBLICATION, DISTRIBUTION, ETC. (IMPRINT)
Place of publication, distribution, etc Abingdon, Oxon ;
-- New York, NY :
Name of publisher, distributor, etc Routledge,
Date of publication, distribution, etc 2025.
300 ## - PHYSICAL DESCRIPTION
Extent xix, 484 pages :
Other physical details illustrations ;
Dimensions 24 cm
336 ## - CONTENT TYPE
Content type term text
Content type code txt
Source rdacontent
337 ## - MEDIA TYPE
Media type term unmediated
Media type code n
Source rdamedia
338 ## - CARRIER TYPE
Carrier type term volume
Carrier type code nc
Source rdacarrier
504 ## - BIBLIOGRAPHY, ETC. NOTE
Bibliography, etc Includes bibliographical references and index.
520 ## - SUMMARY, ETC.
Summary, etc Corporate Strategy and Sustainability is a substantially updated, detailed overview of sustainability issues for business and economics students. Built to teach the evolution of the history of sustainability practices, this book features a chapter on pandemics and sustainability in business. This edition has expanded coverage of social sustainability issues, non-Western perspectives and sustainable supply chains. Rich in cases, these too have been updated to demonstrate best practice and the practical application of theory. Extensive discussions of tools show how incorporate sustainability issues apply to strategic decision making. The book accentuates the value and importance of a strong sustainability approach in an age of climate change emergency. This textbook is an ideal companion to instructors and students of sustainability in business, economics and management-- Provided by publisher.
650 #7 - SUBJECT ADDED ENTRY--TOPICAL TERM
Topical term or geographic name as entry element Business planning.
650 #7 - SUBJECT ADDED ENTRY--TOPICAL TERM
Topical term or geographic name as entry element Sustainability.
655 ## - INDEX TERM--GENRE/FORM
Form subdivision Reading book
776 08 - ADDITIONAL PHYSICAL FORM ENTRY
Display text Online version
Relationshop code http://id.loc.gov/entities/relationships/onlineversion
Main entry heading Nemetz, Peter N.
Title Corporate strategy and sustainability
Place, publisher, and date of publication New York : Routledge, 2024
International Standard Book Number 9781003170754
Record control number (DLC) 2024025509
906 ## - LOCAL DATA ELEMENT F, LDF (RLIN)
a 7
b cbc
c orignew
d 1
e ecip
f 20
g y-gencatlg
942 ## - ADDED ENTRY ELEMENTS (KOHA)
Source of classification or shelving scheme Dewey Decimal Classification
Koha item type Book - Borrowing
Holdings
Withdrawn status Lost status Source of classification or shelving scheme Damaged status Not for loan Collection code Home library Current library Shelving location Date acquired Source of acquisition Cost, normal purchase price Serial Enumeration / chronology Total Checkouts Full call number Barcode Date last seen Cost, replacement price Price effective from Koha item type
    Dewey Decimal Classification     Baccah Central Library Central Library First floor 16/02/2025 Purchase 3240.00 39017   658.4012 NEM 000057255 15/07/2025 4050.00 16/02/2025 Book - Borrowing